000 01187nam a22002537a 4500
005 20110329165129.0
008 110329t xxu||||| |||| 00| 0 mar d
010 _aMAR-20674
020 _a9789380361031
_c150.00
035 _aMR-13332
037 _bDBAD / PUB
040 _aDPL
_bMR
082 _a617
100 _aबापये,विजय
_926818
245 _aकहाणी शश्त्रक्रियेची
_cविजय बापये
_bसर्जरीचा चित्तवेधक इतिहास /
246 _aKahani Shastrakriyachi
_bby Vijay Bhapye
260 _aपुणे
_bरोहन प्रकाशन
_c2010
270 _aधवलगिरी अपार्टमेन्ट्स शॉप 5 व 6 430,शनिवार पेठ पोलिस चौकीसमोर
_bपुणे
_e411030
300 _a149पृ
_c21 सेमी ( अजिल्द)
_bसचित्र
700 _926819
700 _926848
942 _2ddc
_cMR
_h617
_mबापये
999 _c51325
_d51325